Palabra de Bosch : (Registro nro. 7530)

Detalles MARC
000 -LIDER
fixed length control field 01087nam a2200349 a 4500
001 - NÚMERO DE CONTROL
Identificador de número de control 000031983
003 - IDENTIFICACDOR DE NÚMERO DE CONTROL
control field DO-SdBNP
005 - DATE AND TIME OF LATEST TRANSACTION
control field 20220701115933.0
007 - CAMPOS FIJOS DE DESCRIPCIÓN FÍSICA
fixed length control field 000031983
008 - ELEMENTOS DE LONGITUD FIJA
fixed length control field 110707s2006 dr ac 000 0 spa d
020 ## - ISBN
International Standard Book Number 9945857800
040 ## - FUENTE DE CATALOGACIÓN
Agencia que crea de manera original el registro BPMSU
Idioma de catalogación spa
Agencia que realiza la transcripción BPMSU
082 04 - NÚMERO DE CLASIFICACIÓN DECIMAL DE DEWEY
Classification number RD863.44
Item number B742c
100 1# - ASIENTO PRINCIPAL -- NOMBRE PERSONAL
Término de relación Bosch, Juan
Fechas asociadas con el nombre 1909-2001
243 ## - COLLECTIVE UNIFORM TITLE
Nombre de la parte o sección de una obra
245 10 - MENCIÓN DE TITULO
Título Palabra de Bosch :
Subtítulo cuentos /
Mención de responsabilidad Juan Bosch
260 ## - PUBLICACIÓN, DISTRIBUCIÓN, ETC. (PIE DE IMPRENTA)
Lugar de publicación, distribución, etc Santo Domingo :
Nombre del editor, distribuidor, etc. Fundación Juan Bosch,
Fecha de publicación, distribución, etc 2006.
300 ## - DESCRIPCIÓN FÍSICA
Extensión 17 p. :
Otros detalles físicos il., retrs. + CD-ROM ;
Dimensiones 20 cm.
500 ## - NOTA GENERAL
Nota general Entrevista sobre los cuentos
505 0# - NOTA DE CONTENIDO
Título Luis Pie --
-- Los amos --
-- En un bohio --
563 ## - INFORMACIÓN DE LA ENCUADERNACIÓN
Nota de la encuadernación Tres obras publicadas juntas con paginación continúa
650 #4 - ENCABEZAMIENTO DE MATERIA--TEMÁTICO
Término temático o nombre geográfico como elemento de entrada Cuentos dominicanos
650 #4 - ENCABEZAMIENTO DE MATERIA--TEMÁTICO
Término temático o nombre geográfico como elemento de entrada Literatura dominicana
710 2# - ASIENTO SECUNDARIO -- NOMBRE CORPORATIVO
Nombre corporativo o de jurisdicción Fundación Juan Bosch
Unidad subordinada (República Dominicana)
740 ## - ASIENTO SECUNDARIO DE TÍTULOS RELACIONADOS O ANALÍTICOS NO CONTROLADOS
Título analítico o relacionado no controlado Luis Pie
740 ## - ASIENTO SECUNDARIO DE TÍTULOS RELACIONADOS O ANALÍTICOS NO CONTROLADOS
Título analítico o relacionado no controlado Los amos
740 ## - ASIENTO SECUNDARIO DE TÍTULOS RELACIONADOS O ANALÍTICOS NO CONTROLADOS
Título analítico o relacionado no controlado En un bohio
942 ## - ADDED ENTRY ELEMENTS (KOHA)
Source of classification or shelving scheme Dewey Decimal Classification
Koha item type Libros
945 ## - INFORMACIÓN DE PROCESAMIENTO LOCAL
Información de procesamiento local Inventariado / 2017 VM
956 ## - LOCAL ELECTRONIC LOCATION AND ACCESS (OCLC)
Nombre de host Validado. Control de calidad MFF
956 ## - LOCAL ELECTRONIC LOCATION AND ACCESS (OCLC)
Nombre de host VMATEO
Método de acceso 10
Materiales especificados 20150423
Enlace BPMSU
Campo enlazado y núm. de secuencia 00151
Existencias
Withdrawn status Lost status Source of classification or shelving scheme Damaged status Not for loan Collection code Home library Current library Date acquired Source of acquisition Total Checkouts Full call number Barcode Date last seen Price effective from Koha item type Copy number
    Dewey Decimal Classification     Colección Dominicana Biblioteca Pública Metropolitana Salomé Ureña Biblioteca Pública Metropolitana Salomé Ureña 03/02/2015 compra   RD863.44 B742c BPMSU15040225 03/02/2015 03/02/2015 Libros  
    Dewey Decimal Classification     Colección Dominicana Biblioteca Pública Metropolitana Salomé Ureña Biblioteca Pública Metropolitana Salomé Ureña 03/02/2015 Compra   RD863.44 B742c BPMSU15040226 03/02/2015 03/02/2015 Libros e. 2
    Dewey Decimal Classification     Colección Dominicana Biblioteca Pública Metropolitana Salomé Ureña Biblioteca Pública Metropolitana Salomé Ureña 03/02/2015 Compra   RD863.44 M778c BPMSU15040227 03/02/2015 03/02/2015 Libros e. 3